Biblioteca

Types in hebrews (Registro nro. 43925)

Detalles MARC
000 -LÍDER
Campo fijo de descripción fija 01216nam a22002897a 4500
001 - NÚMERO DE CONTROL
Campo de control 17261
003 - IDENTIFICADOR DEL NÚMERO DE CONTROL
Campo de control CO-MdFUSB
005 - FECHA Y HORA DE LA ULTIMA TRANSACCIÓN
control field 20190202100318.0
008 - ELEMENTOS DE LONGITUD FIJA -- INFORMACIÓN GENERAL
Campo fijo de descripción fija -- Información general 180418t1978 xxu||||| |||| 00| 0 eng d
020 ## - NÚMERO INTERNACIONAL NORMALIZADO PARA LIBROS
Número Internacional Normalizado del libro 0-8254-2129-2 : Donación
040 ## - FUENTE DE CATALOGACIÓN
Agencia de catalogación original CO-MdFUSB
Idioma de catalogación spa
Agencia que realiza la transcripción CO-MdFUSB
Agencia que realiza la modificación CO-MdFUSBC
Convenciones de la descripción rda
041 0# - CÓDIGO DE IDIOMA
Código de idioma para texto/pista de sonido o título separado eng
082 04 - NÚMERO DE CLASIFICACIÓN DECIMAL DEWEY
Número de clasificación G 227.87 A5451t
100 1# - ASIENTO PRINCIPAL--NOMBRE PERSONAL
Nombre personal Anderson, Robert (1841-1918)
Término relacionador autor
245 #0 - TÍTULO
Título del Material Types in hebrews
Mención de responsabilidad, etc. / Robert Anderson
250 ## - MENCIÓN DE EDICIÓN
Mención de edición 2
264 #4 - PRODUCCIÓN, PUBLICACIÓN, DISTRIBUCIÓN, MANUFACTURA, Y COPYRIGHT
Lugar de producción, publicación, distribución, manufactura Grand Rapids, Michigan:
Nombre del productor, publicador, distribuidor Kregel Publications,
Fecha de producción, publicación, distribución, manufactura, o copyright ©1978
300 ## - DESCRIPCIÓN FÍSICA
Extensión 184 p.
336 ## - TIPO DE CONTENIDO
Fuente rdacontent
Término de tipo de contenido texto
Código de tipo de contenido txt
337 ## - TIPO DE MEDIO
Fuente rdamedia
Nombre del tipo de medio sin mediación
Código del tipo de medio n
338 ## - TIPO DE SOPORTE
Fuente rdacarrier
Nombre del tipo de soporte volumen
Código Tipo de soporte nc
505 00 - NOTA DE CONTENIDO
Nota de contenido con formato preestablecido Autoría -- Otro testimonio -- Hebreos en el Antiguo Testamento -- sacerdocio -- la deidad de Cristo impuesto -- aspetos de su obra -- un gran sacerdote -- ¿por qué el tabernáculo? -- los patriarcas -- triunfos de la fe -- realidades celestiales -- su provisión completa -- cristianismo es Cristo -- Apéndices: los sacerdotes de la Cristiandad, la doctrina de la sangre, la parousia, la iglesia visible
650 #0 - ASIENTO SECUNDARIO DE MATERIA - TERMINO TEMÁTICO
Término temático o nombre geográfico como elemento de entrada Biblia
9 (RLIN) 16
653 ## - TÉRMINO DE INDIZACIÓN - NO CONTROLADO
Término no controlado Biblia N.T. - Hebreos
653 ## - TÉRMINO DE INDIZACIÓN - NO CONTROLADO
Término no controlado Biblia - Comentarios
942 ## - TIPO DE MATERIAL (KOHA)
Tipo de Item KOHA Libros General
Existencias
Estado de Material Estado de Perdido Estado de Dañado No para Préstamo Colección Tomo Biblioteca de Origen Biblioteca Permanente Fecha de Adquisición Total de Préstamos Signatura Topográfica Código de Barras Última vez visto Ejemplar/Existencia Fecha de Remplazo Tipo de Material
        Colección General   Biblioteca FUSBC Biblioteca FUSBC 25/07/2011   G 227.87 A5451t 17397 12/12/2019 1 26/01/2016 Libros General

Biblioteca FUSBC | Teléfono: (57+4) 349 88 10 Ext. 141| WhatsApp (+57) 3005338115 
E-mail: biblioteca@unisbc.edu.co | Calle 76 87-14 Robledo Palenque, Medellín, Colombia

Con tecnología Koha